| 000 | 01171cam a22003014a 4500 | ||
|---|---|---|---|
| 999 |
_c16234 _d16234 |
||
| 001 | 13860158 | ||
| 003 | OSt | ||
| 005 | 20161109102232.0 | ||
| 008 | 050203s2006 maua b 001 0 eng | ||
| 010 | _a 2005041576 | ||
| 020 | _a0072972807 (alk. paper) | ||
| 040 |
_aDLC _cDLC _dDLC |
||
| 042 | _apcc | ||
| 050 | 0 | 0 |
_aGV341 _b.W85 2006 |
| 082 | 0 | 0 |
_a796/.07 _222 |
| 100 | 1 | _aWuest, Deborah A. | |
| 245 | 1 | 0 |
_aFoundations of physical education, exercise science, and sport / _cDeborah A. Wuest, Charles A. Bucher. |
| 250 | _a15th ed. | ||
| 260 |
_aBoston : _bMcGraw-Hill, _cc2006. |
||
| 300 |
_axv, 583 p. : _bill. ; _c24 cm. |
||
| 504 | _aIncludes bibliographical references and index. | ||
| 700 | 1 |
_aBucher, Charles Augustus, _d2006 |
|
| 942 |
_2lcc _cBOOKS _hGV 341 .W85 2 |
||